000 00891nam a2200241 a 4500
001 46380
003 BD-RjUL
005 20211209054138.0
008 160802s1948 nyuac b 001 0 eng
035 _a(BD-RjUL)46498
040 _aDLC
_cDLC
_dBD-RjUL
_beng
041 _aeng
082 0 0 _a342.73029
_223
_bVAG 1948
100 1 _aVan Doren, Carl
_d1885-1950.
_9141622
245 1 4 _aThe great rehearsal :
_bthe story of the making and ratifying of the Constitution of the United States /
_cCarl Van Doren
260 _aNew York :
_bViking Press,
_c1948
300 _axii, 336 p. :
_bill. ;
_c22 cm.
504 _a"Sources and acknowledgments": p. 321-322. and index
610 1 0 _aUnited States.
_bConstitutional Convention
_9141623
650 0 _aConstitutional history
_zUnited States.
_9127955
710 2 _aHerman Finkelstein Collection (Library of Congress)
_5DLC
_9141624
942 _2ddc
_cBK
999 _c46380
_d46380